| 000 | 01181nam a2200265 a 4500 | ||
|---|---|---|---|
| 001 | 000026204 | ||
| 005 | 20200930024406.0 | ||
| 008 | 110304s1995 dr ac 001 0 spa d | ||
| 040 |
_aDO-SdBNP _bspa _cBNPHU |
||
| 082 |
_aR917.293 _bP438v |
||
| 100 | 1 |
_aPérez Verdú, Lorenzo _953215 |
|
| 245 | 1 | 0 |
_aViaje por la República Dominicana / _cLorenzo Pérez Verdú ; editora Ana Pérez ; prólogo Teófilo Barreiros. |
| 260 |
_aSanto Domingo : _bAmigo del Hogar, _c1995. |
||
| 300 |
_a159 p. : _bil., retrs. ; _c20 cm. |
||
| 504 | _aBibliografía: p.157-159. | ||
| 505 | 0 |
_gPrólogo -- _tA grandes rasgos -- _tProvincias y capitales -- _tMapa político -- _tTabla de kilometraje -- _tEl ABC Dominicano -- _tCelebraciones, compras y más -- _tSugerencias de interés -- _gBibliografía. |
|
| 651 | 4 |
_aRepública Dominicana _vDIRECTORIOS _91650 |
|
| 651 | 4 |
_aRepública Dominicana _xDescripciones Y Viajes _91651 |
|
| 651 | 4 |
_aRepública Dominicana _xVida Social Y Costumbres _9405 |
|
| 651 | 4 |
_aRepública Dominicana _xHistoria _9170 |
|
| 700 | 1 |
_aPérez, Ana, _eed. _91637 |
|
| 700 | 1 |
_aBarreiros, Teófilo, _epról. _953216 |
|
| 910 | _aValidado. Control de la calidad EMS | ||
| 049 | _aBNPD | ||
| 999 |
_c25696 _d25696 |
||